000
00319nam a2200133Ia 4500
005
20250404065210.0
008
240331s9999 xx 000 0 und d
082
_b
SEL
_a
894
100
_a
Selvarajan, S
245
0
_a
Oorandankap paadalkal
260
_a
France
_b
Rajani Publication
_c
1992
300
_a
95 p .,
942
_c
L
999
_c
3815
_d
3815